01580nam a2200457 4500001000900000003000900009005001700018007000900035008002300044015000600067017000900073020001500082035000600097040002500103082002900128100003500157245009600192260002800288300002400316490003800340500007500378500000600453500000600459521003600465534004500501546009100546590002600637650003000663650003300693650003100726650002400757651000600781700003900787700003900826730002600865730003500891910004000926942001200966952012900978999001501107a4433444DO-SdBNP20231019104412.0a4433444081124s1993 sp  a  a b  a8480570423 a  aBPMSUbspacBPMSUe  4a891.623 bG973v 19932221 4 Swift, Jonathan, d1667-1745.14aLos viajes de Gulliver / cJonathan Swiff ;traducción y notas de Pedro Guardia Massóh  aBarcelona :bRBA,c1993 a271 p. ;c23 cm.b 0 aHistoria de la literatura,v20a  aIncluye referencias bibliográficas y notas al pie de las páginas  a  a  aAptas para todos los públicos aTìtulo original : tGulliver's travels aVersiones en español e inglés, con subtítulos opcionales en español e inglés aInventariado, 2023/VM 4aNovela juvenil irlandesa  4aMitos geográficos vNovela 4aViajes imaginariosvNovela 4aNovela de aventuras 2 1 aAcedo Lobatón, Ricardo etr. d 1 aAlférez Gonzáles, Pedro eil. 02aBetty BooplEspañol02aAlice in WonderlandlEspañol aVMateo V. Control de calidad. BPMSU 2ddccBK 00102ddc40708CJ-GaBPMETbBPMETd2015-12-15l0oBPMSU CJG 891.623 G973v 1993pBPMSU15120156r2015-12-15w2015-12-15yBK c9121d9121